Textbook of Nutrition for GNM Nursing Students (Record no. 359314)

MARC details
000 -LEADER
fixed length control field 00468nam a22001697a 4500
005 - DATE AND TIME OF LATEST TRANSACTION
control field 20240813132631.0
008 - FIXED-LENGTH DATA ELEMENTS--GENERAL INFORMATION
fixed length control field 240808b |||||||| |||| 00| 0 eng d
020 ## - INTERNATIONAL STANDARD BOOK NUMBER
International Standard Book Number 978-93-92242-18-2
041 ## - LANGUAGE CODE
Language code of text/sound track or separate title English
082 ## - DEWEY DECIMAL CLASSIFICATION NUMBER
Classification number N 613.2 GAR DB1280
100 ## - MAIN ENTRY--PERSONAL NAME
Author Garg Ram Kumar
245 ## - TITLE STATEMENT
Title Textbook of Nutrition for GNM Nursing Students
260 ## - PUBLICATION, DISTRIBUTION, ETC.
Place of publication, distribution, etc. Mohali, Punjab
Name of publisher, distributor, etc. Vision Health Sciences Publishers
Date of publication, distribution, etc. 2022
300 ## - PHYSICAL DESCRIPTION
Extent 94p
365 ## - TRADE PRICE
Price amount 325.00
942 ## - ADDED ENTRY ELEMENTS (KOHA)
Koha item type Donated Book
Holdings
Withdrawn status Lost status Source of classification or shelving scheme Damaged status Not for loan Home library Current library Date acquired Net Price Bill number Total Checkouts Total Renewals Full call number Barcode Date last seen Date last checked out Bill Date Koha item type Original Barcode
    Dewey Decimal Classification     Smt. Bakul Tambat Institute of Nursing Education Smt. Bakul Tambat Institute of Nursing Education 08/08/2024 325.00 IK#2024-25#129 2 1 N 613.2 GAR DB1280 BTIN-DB-1280 04/12/2024 14/11/2024 08/08/2024 Donated Book DB1280
    Dewey Decimal Classification     Smt. Bakul Tambat Institute of Nursing Education Smt. Bakul Tambat Institute of Nursing Education 22/08/2025 325.00 IK#2025-26#666     N 613.2 GAR DB1392 BTIN-DB-1392 22/08/2025   22/08/2025 Donated Book DB1392